Teória členov fluidiky

Salvato in:
Dettagli Bibliografici
Autore principale: Zalmanzon, Lev Abramovič (Autore)
Natura: Libro
Lingua:slovacco
Pubblicazione: Bratislava : Alfa, 1974
Soggetti:
Tags: Aggiungi Tag
Nessun Tag, puoi essere il primo ad aggiungerne!!

MARC

LEADER 00000nam a22000003a 4500
001 stu85560
005 20150617225629.8
008 040401s1974----cs------------------slo-d
040 |a STU  |b slo 
041 0 |a slo 
044 |a cs 
080 |a 681.587.32  |7 stu_us_auth*stu452 
100 1 |a Zalmanzon, Lev Abramovič  |4 aut 
245 1 |a Teória členov fluidiky 
260 |a Bratislava :  |b Alfa,  |c 1974 
300 |a 507 s 
650 7 |a akčné členy  |2 stusub 
650 7 |a fluidiková regulácia  |2 stusub 
996 |b 284J020345  |c J*44657  |l JJSK  |s A  |a 24  |w stu85560_0001 
996 |b 284J020346  |c J*44658  |l JJSK  |s A  |a 24  |w stu85560_0002